00571nam a2200169Ia 450000500170000000800410001702000150005808200130007310000160008624500720010226000590017430000120023350000400024594200060028595200950029199900150038620250122014620.0240331s9999 xx 000 0 und d a9555800294 bHooa920 aHoole , S.R 0aC.W.Thamotharampillai,Tamil revivalist :bThe man behind the legend acolombobInternational Centre for Ethnic Studiesc1997 a80 p ., aThamotharampillai Tamil Revivalist cL 001040708LaWERCLbWERCLcSSCd2024-03-31l0o 920 Hoop2741r2024-03-31w2024-03-31yL c3445d3445